00414nam a2200145 i 4500001000700000003000900007007000300016008004100019100002800060245008400088250001200172260003400184300002800218852002200246147183ES-MaACLt|070924s1922 xxk ||||1| eng d1 aTutton, Alfred Edwin H.10aCrystallography and practical crystal mesurement / cby Alfred Edwin H. Tutton. a2ยช ed. aLondon : bMacmillan, c1922. a2 v. : bil. ; c23 cm. aES-MaACLj4264-65